Cuentos de Rogelio Sinan /
Gespeichert in:
| 1. Verfasser: | |
|---|---|
| Format: | Unbekannt |
| Sprache: | Spanish |
| Veröffentlicht: |
San José, Costa Rica :
EDUCA,
1971.
|
| Schriftenreihe: | (Colección Séptimo Día)
|
| Schlagworte: | |
| Tags: |
Tag hinzufügen
Keine Tags, Fügen Sie den ersten Tag hinzu!
|
MARC
| LEADER | 000000000a22000000004500 | ||
|---|---|---|---|
| 001 | 002763 | ||
| 041 | 0 | |a spa | |
| 082 | 0 | 4 | |a P863.4 |b S615c |
| 100 | 1 | |a Sinan, Rogelio, |d 1904- | |
| 245 | 1 | 0 | |a Cuentos de Rogelio Sinan / |c Rogelio Sinan. |
| 260 | 1 | |a San José, Costa Rica : |b EDUCA, |c 1971. | |
| 300 | |a 210 páginas | ||
| 490 | 1 | |a (Colección Séptimo Día) | |
| 650 | 4 | |a LITERATURA PANAMEÑA | |
| 650 | 4 | |a CUENTOS | |
| 999 | |c 9121 |d 9121 | ||
| 942 | |c BK |h P863.4 S615c |2 z | ||
